Normal view
MARC view
Entry Personal Name
001 - CONTROL NUMBER
- control field: 10976
003 - CONTROL NUMBER IDENTIFIER
- control field: BD-RjUL
005 - DATE AND TIME OF LATEST TRANSACTION
- control field: 20240121115830.0
008 - FIXED-LENGTH DATA ELEMENTS
- fixed length control field: 240121|| aca||aabn | a|a d
040 ## - CATALOGING SOURCE
- Original cataloging agency: BD-RjUL
- Transcribing agency: BD-RjUL
100 ## - HEADING--PERSONAL NAME
- Personal name: Gardner, Erle Stanley,
- Dates associated with a name: 1889-1970
670 ## - SOURCE DATA FOUND
- Source citation: Work cat.: (BD-RjUL)82698: Gardner, Erle Stanley, 1889-1970., The case of the counterfeit eye /, [1962].